| 000 | 00825nam a2200277 4500 | ||
|---|---|---|---|
| 001 | 8146 | ||
| 003 | BDjRUL | ||
| 005 | 20211208234531.0 | ||
| 008 | s1965 us a 000 0 eng d | ||
| 035 | _aCURL 980065025545(LCo) from hawc061 | ||
| 035 | _a(BD-RjUL)8191 | ||
| 040 |
_aBD-RjUL _beng _cBD-RjUL |
||
| 041 | _aeng | ||
| 082 |
_a519.5 _bJEL 1965 |
||
| 100 | 1 |
_aJeffrey, Richard C. _925378 |
|
| 245 | 1 | 4 |
_aThe logic of decision / _c[by] R.C. Jeffery |
| 260 |
_aNew York : _bMcGraw-Hill, _cc1965 |
||
| 300 |
_axiv, 201 p. : _bill. ; _c24 cm |
||
| 504 | _aBibliographical footnotes | ||
| 650 | 0 |
_aStatistical decision _925379 |
|
| 650 | 0 |
_aDecision making _xPhilosophy _925380 |
|
| 830 | 0 |
_aMcGraw-Hill series in probability and statistics _925382 |
|
| 942 |
_2ddc _cBK |
||
| 999 |
_c8146 _d8146 |
||